Normal view
MARC view
Entry Topical Term
001 - CONTROL NUMBER
- control field: 11326
003 - CONTROL NUMBER IDENTIFIER
- control field: dpl
005 - DATE AND TIME OF LATEST TRANSACTION
- control field: 20100811161309.0
008 - FIXED-LENGTH DATA ELEMENTS
- fixed length control field: 100811|||a|||||| | ||| d
040 ## - CATALOGING SOURCE
- Original cataloging agency: dpl
- Transcribing agency: dpl
150 ## - HEADING--TOPICAL TERM
- Topical term or geographic name as entry element: Electronics-digital computers
670 ## - SOURCE DATA FOUND
- Source citation: Work cat.: (dpl): Chinnusamy, M. 11325, Fundamentals of digital computer and GUI applications /, 2008
670 ## - SOURCE DATA FOUND
- Source citation: Work cat.: (dpl): Chinnusamy, M. 11325, Fundamentals of digital computer and GUI applications /, 2008
